Production technology / (Record no. 1441)

000 -LEADER
fixed length control field 00422nam a22001577a 4500
008 - FIXED-LENGTH DATA ELEMENTS--GENERAL INFORMATION
fixed length control field 200124b ||||| |||| 00| 0 eng d
020 ## - INTERNATIONAL STANDARD BOOK NUMBER
International Standard Book Number 9780070964433
082 00 - DEWEY DECIMAL CLASSIFICATION NUMBER
Classification number 621.954
Item number H6779
110 ## - MAIN ENTRY--CORPORATE NAME
9 (RLIN) 5413
Corporate name or jurisdiction name as entry element Hindustan Machine Tools (HMT)
245 10 - TITLE STATEMENT
Title Production technology /
250 ## - EDITION STATEMENT
Edition statement 35th ed., Repr.
260 ## - PUBLICATION, DISTRIBUTION, ETC. (IMPRINT)
Place of publication, distribution, etc New Delhi:
Name of publisher, distributor, etc McGraw Hill,
Date of publication, distribution, etc 2013.
300 ## - PHYSICAL DESCRIPTION
Extent 870 p.
650 #0 - SUBJECT ADDED ENTRY--TOPICAL TERM
Topical term or geographic name as entry element Production Engineering
942 ## - ADDED ENTRY ELEMENTS (KOHA)
Item type Books
Holdings
Withdrawn status Lost status Source of classification or shelving scheme Damaged status Not for loan Permanent location Current location Date acquired Source of acquisition Full call number Barcode Date last seen Cost, replacement price Koha item type
          IMU Kolkata IMU Kolkata 2014-02-10 Shankars Book Agency 621.954 H6779 11867 2020-01-24 850.00 Books
          IMU Kolkata IMU Kolkata 2014-02-10 Shankars Book Agency 621.954 H6779 11868 2020-01-24 850.00 Books
Designed and Maintained by IMU-KC Library, Kolkata Campus © Copyright All Rights Reserved

webs counters

Powered by Koha